Russia and the West in Iran, 1918-1948: (Record no. 21428)
[ view plain ]
| 000 -LEADER | |
|---|---|
| fixed length control field | 00883cam a22002771 4500 |
| 001 - CONTROL NUMBER | |
| control field | 9761826 |
| 003 - CONTROL NUMBER IDENTIFIER | |
| control field | BDDh-ASL |
| 005 - DATE AND TIME OF LATEST TRANSACTION | |
| control field | 20231015030007.0 |
| 008 - FIXED-LENGTH DATA ELEMENTS--GENERAL INFORMATION | |
| fixed length control field | 741115s19681949nyuabc b 000 0 eng |
| 010 ## - LIBRARY OF CONGRESS CONTROL NUMBER | |
| LC control number | 49005043 |
| 015 ## - NATIONAL BIBLIOGRAPHY NUMBER | |
| National bibliography number | GB50-108 |
| 035 ## - SYSTEM CONTROL NUMBER | |
| System control number | (OCoLC)1077148 |
| 040 ## - CATALOGING SOURCE | |
| Original cataloging agency | DLC |
| Transcribing agency | PBm |
| Modifying agency | OCoLC |
| -- | Uk |
| -- | DLC |
| -- | BDDh-ASL |
| 050 00 - LIBRARY OF CONGRESS CALL NUMBER | |
| Classification number | DS318 |
| Item number | .L46 |
| 082 ## - DEWEY DECIMAL CLASSIFICATION NUMBER | |
| Classification number | 327.47 |
| Item number | LER |
| 100 1# - MAIN ENTRY--PERSONAL NAME | |
| Personal name | Lenczowski, George. |
| 245 10 - TITLE STATEMENT | |
| Title | Russia and the West in Iran, 1918-1948: |
| Remainder of title | a study in big-power rivalry / |
| 260 ## - PUBLICATION, DISTRIBUTION, ETC. | |
| Place of publication, distribution, etc. | New York: |
| Name of publisher, distributor, etc. | Greenwood Press, |
| Date of publication, distribution, etc. | 1968. |
| 300 ## - PHYSICAL DESCRIPTION | |
| Extent | xv, 383 p. |
| Other physical details | illus., ports., maps (1 fold.) |
| Dimensions | 24 cm. |
| 504 ## - BIBLIOGRAPHY, ETC. NOTE | |
| Bibliography, etc. note | Bibliographical footnotes. |
| 651 #0 - SUBJECT ADDED ENTRY--GEOGRAPHIC NAME | |
| Geographic name | Iran |
| General subdivision | History |
| Chronological subdivision | Pahlavi dynasty, 1925-1979. |
| 651 #0 - SUBJECT ADDED ENTRY--GEOGRAPHIC NAME | |
| Geographic name | Iran |
| General subdivision | History |
| Chronological subdivision | 20th century. |
| 651 #0 - SUBJECT ADDED ENTRY--GEOGRAPHIC NAME | |
| Geographic name | Iran |
| General subdivision | Foreign relations. |
| 906 ## - LOCAL DATA ELEMENT F, LDF (RLIN) | |
| a | 7 |
| b | cbc |
| c | oclcrpl |
| d | u |
| e | ncip |
| f | 19 |
| g | y-gencatlg |
| 942 ## - ADDED ENTRY ELEMENTS (KOHA) | |
| Source of classification or shelving scheme | Dewey Decimal Classification |
| Koha item type | Books |
| Withdrawn status | Lost status | Source of classification or shelving scheme | Damaged status | Not for loan | Collection code | Home library | Current library | Shelving location | Date acquired | Source of acquisition | Total Checkouts | Full call number | Barcode | Date last seen | Copy number | Price effective from | Koha item type |
|---|---|---|---|---|---|---|---|---|---|---|---|---|---|---|---|---|---|
| Dewey Decimal Classification | Non-fiction | Asiatic Society Library | Asiatic Society Library | General Stacks | 02/01/2021 | ASB Collection | 327.47 LER | 105141 | 02/01/2021 | C-1 | 02/01/2021 | Books |